|
|
|
|
| LEADER |
00000nam a2200000 i 4500 |
| 001 |
DIGEQSIR0051 |
| 003 |
NyNyDIG |
| 006 |
m o d |
| 007 |
cr ||||||||||| |
| 008 |
210526s2007 sp o 000 f spa d |
| 035 |
|
|
|a (OCoLC)1252920679
|
| 040 |
|
|
|a DGITA
|b eng
|e rda
|e pn
|c DGITA
|
| 020 |
|
|
|a 9788496554580
|q eBook
|q ePub
|
| 020 |
|
|
|a 8496554589
|q eBook
|q ePub
|
| 020 |
|
|
|a 9788415265245
|q eBook
|q pdf
|
| 020 |
|
|
|a 8415265247
|q eBook
|q pdf
|
| 020 |
|
|
|z 9788496554306
|
| 020 |
|
|
|z 8496554309
|
| 050 |
1 |
4 |
|a PQ6702.E815 ebook
|
| 082 |
0 |
4 |
|a 863.7
|a Fic
|
| 100 |
1 |
|
|a Besa, Luis,
|d 1965-
|e author.
|
| 245 |
1 |
0 |
|a Metaversos /
|c Luis Besa.
|
| 264 |
|
1 |
|a Madrid :
|b Transversal (Equipo Sirius),
|c [2007]
|
| 300 |
|
|
|a 1 online resource.
|
| 336 |
|
|
|a text
|b txt
|2 rdacontent
|
| 337 |
|
|
|a computer
|b c
|2 rdamedia
|
| 338 |
|
|
|a online resource
|b cr
|2 rdacarrier
|
| 347 |
|
|
|a text file
|2 rdaft
|
| 347 |
|
|
|b EPUB
|
| 347 |
|
|
|b PDF
|
| 588 |
0 |
|
|a Online resource; title from ePub title page (Digitalia, viewed June 3, 2021)
|
| 650 |
|
0 |
|a Virtual reality
|v Fiction.
|
| 650 |
|
0 |
|a Computer simulation
|v Fiction.
|
| 655 |
|
7 |
|a Science fiction.
|2 lcgft
|
| 655 |
|
0 |
|a Electronic books.
|
| 791 |
2 |
|
|a Digitalia (Firm),
|e distributor.
|
| 793 |
0 |
|
|g Digitalia eBook Collection:
|a Equipo Sirius
|
| 776 |
0 |
8 |
|i Print version:
|a Besa, Luis.
|t Metaversos.
|d Madrid : Equipo Sirius, [2007]
|z 9788496554306
|
| 856 |
4 |
0 |
|3 Digitalia Hispánica
|u https://www.digitaliapublishing.com/a/70054/
|
| 910 |
|
|
|a Premium collection: 2021
|